Normal view
MARC view
- Cox, Anna-Lisa
Entry Personal Name
001 - CONTROL NUMBER
- control field: 93628
003 - CONTROL NUMBER IDENTIFIER
- control field: NUST
005 - DATE AND TIME OF LATEST TRANSACTION
- control field: 20220719093819.0
008 - FIXED-LENGTH DATA ELEMENTS
- fixed length control field: 220719|| aca||aabn | a|a d
040 ## - CATALOGING SOURCE
- Original cataloging agency: NUST
- Transcribing agency: NUST
100 ## - HEADING--PERSONAL NAME
- Personal name: Cox, Anna-Lisa
670 ## - SOURCE DATA FOUND
- Source citation: Work cat.: (NUST)0: Cox, Anna-Lisa, author., The bone and sinew of the land :
